000 02809nam a2200349 i 4500
001 10477921
003 CaAEU
005 20250625143246.0
006 m o d
007 cr cnu|||unuuu
008 240528s2024 sz a o 001 0 eng d
020 _a9783031531736
035 _aon1435874646
039 _aexclude
040 _aGW5XE
_beng
_erda
_epn
_cGW5XE
_dOCLCO
_dAEU
041 _aeng
050 4 _aPE1478
100 _aWallwork, Adrian
_eauthor
_925063
245 1 0 _aEnglish for academic research
_b: writing exercises
_c/ Adrian Wallwork.
246 _aWriting exercises
250 _aSecond edition.
260 _aCham, Switzerland :
_bSpringer,
_c2024.
300 _ax, 262 pages) :
_billustrations (some color) ;
_c24 cm.
490 _aEnglish for Academic research,
_x2625-3453
500 _aIncludes index.
520 _aThis book is based on a study of referees' reports and letters from journal editors on reasons why papers written by non-native researchers are rejected due to problems with English (long sentences, redundancy, poor structure etc.). The exercises in this new edition are organized into twelve chapters on: punctuation and spelling word order writing short sentences and paragraphs link words - connecting phrases and sentences together being concise and removing redundancy ambiguity and political correctness paraphrasing and avoiding plagiarism defining, comparing, evaluating and highlighting anticipating possible objections, indicating level of certainty, discussing limitations, hedging, future work using Large Language Models for writing papers, emails and presentation scripts Some exercises require no actual writing but simply choosing between various options. In those exercises where extended writing is required, model answers are given. The exercises can also be integrated into English for Academic Purposes (EAP) and English for Special Purposes (ESP) courses at universities and research institutes. The book can be used in conjunction with the other exercise books in the series and is cross-referenced to: English for Research: Usage, Style, and Grammar English for Writing Research Papers English for Academic Research: Grammar Exercises English for Academic Research: Teacher's Guide Adrian Wallwork edits scientific papers and teaches English for Academic Purposes (EAP) to PhD students. In addition to his many books for Springer, he has written course books for Oxford University Press and discussion books for Cambridge University Press.
650 0 _aAcademic writing
_vProblems, exercises, etc.
_925212
650 0 _aReport writing
_vProblems, exercises, etc.
_925213
650 0 _aEnglish language
_xRhetoric
_vProblems, exercises, etc.
_925585
650 0 _aEnglish language
_vTextbooks for foreign speakers
_96478
942 _2lcc
999 _c4798
_d4798